| 000 | 00893nam a2200241Ia 4500 | ||
|---|---|---|---|
| 003 | OSt | ||
| 005 | 20220927105652.0 | ||
| 006 | a|||||r|||| 00| 0 | ||
| 007 | ta | ||
| 008 | 220926b |||||||| |||| 00| 0 eng d | ||
| 024 | _a194945 | ||
| 037 | _cReference Collections | ||
| 040 |
_aRTL _cRTL _beng |
||
| 041 |
_2eng _aeng |
||
| 082 | _a"X9(D66):76.2.P, P7/TH" | ||
| 100 |
_aBHATIANI Gaurav _9374117 |
||
| 245 | 0 | _aEconomic efficiency determination for pricing in select electricity distribution companies in India. | |
| 260 |
_aNew _b"Delhi, University of Delhi. " _c2007 |
||
| 300 |
_a227p. Bibliography: p 219-227 _ccm. |
||
| 490 | _a"University of Delhi, Economics ( Deptt.of- ),Thesis. Thesis, University of Delhi, Economics ( Deptt.of-" | ||
| 942 |
_h"X9(D66):76.2.P, P7/TH" _cCC |
||
| 999 |
_c693811 _d693811 |
||